[Event "GRE-chT Div-A 38th"]
[Site "Peristeri"]
[Date "2010.07.09"]
[Round "5"]
[White "Dimitriadi, Aspasia"]
[Black "Ikonomopoulou, Maria"]
[Result "0-1"]
[WhiteElo "1895"]
[BlackElo "2066"]
[PlyCount "110"]
[EventDate "2010.07.05"]
[EventType "team-swiss"]
[EventRounds "7"]
[EventCountry "GRE"]
[SourceTitle "CBM 137 Extra"]
[Source "ChessBase"]
[SourceDate "2010.09.01"]
[SourceVersion "1"]
[SourceVersionDate "2010.09.01"]
[SourceQuality "1"]

1. d4 Nf6 2. Nf3 e6 3. c4 b6 4. Nc3 Bb7 5. e3 Be7 6. Bd3 d5 7. 0-0 0-0 8. Qe2 c5 9. Rd1 Nc6 10. dxc5 bxc5 11. cxd5 exd5 12. b3 Re8 13. Ba6 Bxa6 14. Qxa6 Nb4 15. Qa4 a5 16. Bb2 Rb8 17. a3 Na6 18. Rab1 Bf8 19. Ba1 Re6 20. Qh4 Be7 21. Qg3 Bd6 22. Qg5 h6 23. Qf5 Nc7 24. Qc2 Qe8 25. Rd3 Qc6 26. Rbd1 Qb7 27. Ne2 Ne4 28. Ng3 Nxg3 29. hxg3 Qb5 30. Rc1 Rbe8 31. Qd2 Qd7 32. Qxa5 Qe7 33. Qc3 f5 34. Rcd1 Re4 35. Nd2 Rg4 36. Nf3 h5 37. Nh4 Rf8 38. Qd2 f4 39. exf4 Bxf4 40. Qc2 Bd6 41. R3d2 Qf7 42. a4 Na6 43. Bc3 d4 44. Ba5 Kh8 45. Rc1 Bf4 46. gxf4 Rxh4 47. Rd3 Qxf4 48. Rg3 d3 49. Rxd3 Qh2+ 50. Kf1 Qh1+ 51. Ke2 Qxg2 52. Be1 Re4+ 53. Kd1 Qg4+ 54. f3 Rxf3 55. Rd8+ Rf8+ 0-1

[Event "GRE-chT 37th"]
[Site "Kallithea"]
[Date "2009.07.05"]
[Round "3"]
[White "Paganoglou, Anastasia"]
[Black "Dimitriadi, Aspasia"]
[Result "1-0"]
[WhiteElo "1935"]
[BlackElo "1895"]
[PlyCount "83"]
[EventDate "2009.07.03"]
[EventType "team-tourn"]
[EventRounds "9"]
[EventCountry "GRE"]
[SourceTitle "CBM 131 Extra"]
[Source "ChessBase"]
[SourceDate "2009.09.03"]
[SourceVersion "2"]
[SourceVersionDate "2009.09.16"]
[SourceQuality "1"]

1. e4 c6 2. d4 d5 3. Nc3 dxe4 4. Nxe4 Bf5 5. Ng3 Bg6 6. h4 h6 7. Nf3 Nd7 8. h5 Bh7 9. Bd3 Bxd3 10. Qxd3 Qc7 11. Bd2 e6 12. 0-0-0 Ngf6 13. c4 0-0-0 14. Ne4 Nc5 15. Nxc5 Bxc5 16. Be3 Rhe8 17. Qb3 Bf8 18. Kb1 Kb8 19. Ne5 c5 20. Rh4 Bd6 21. Nd3 cxd4 22. Rxd4 e5 23. Rh4 e4 24. c5 exd3 25. cxd6 Qc2+ 26. Qxc2 dxc2+ 27. Kxc2 Rc8+ 28. Kb3 Nd7 29. Rg4 Re5 30. a4 Rxh5 31. Rxg7 Rf5 32. Rh7 b5 33. a5 a6 34. Rxh6 b4 35. Rh4 Rxa5 36. Rxb4+ Ka8 37. Bb6 Rf5 38. Ra1 a5 39. Rxa5+ Rxa5 40. Bxa5 Rc6 41. Ra4 Kb7 42. Bb4 1-0

[Event "GRE-chT 36th"]
[Site "Kallithea"]
[Date "2008.07.09"]
[Round "5.3"]
[White "Papadopoulou, Vera"]
[Black "Dimitriadi, Aspasia"]
[Result "1-0"]
[WhiteElo "2210"]
[BlackElo "1888"]
[PlyCount "89"]
[EventDate "2008.07.06"]
[EventType "team-tourn"]
[EventRounds "7"]
[EventCountry "GRE"]
[SourceTitle "CBM 125 Extra"]
[Source "ChessBase"]
[SourceDate "2008.09.01"]
[SourceVersion "1"]
[SourceVersionDate "2008.09.01"]
[SourceQuality "1"]
[WhiteTeam "Chania"]
[BlackTeam "Triandrias"]
[WhiteTeamCountry "GRE"]
[BlackTeamCountry "GRE"]

1. d4 d5 2. c4 dxc4 3. Nf3 Nf6 4. e3 e6 5. Bxc4 c5 6. 0-0 a6 7. a4 Nc6 8. Qe2 Qc7 9. Rd1 Bd6 10. Nc3 0-0 11. h3 Bd7 12. d5 exd5 13. Nxd5 Nxd5 14. Bxd5 Rad8 15. b3 h6 16. Bb2 Rfe8 17. Rac1 Be6 18. Bc4 Nb4 19. Bxe6 Rxe6 20. Rc4 Qa5 21. Bc3 Qb6 22. Nh4 Be5 23. Bxb4 Rxd1+ 24. Qxd1 cxb4 25. Rc8+ Kh7 26. Qf3 Bf6 27. Nf5 Rc6 28. Rxc6 bxc6 29. Qe4 Qc7 30. Nd4+ g6 31. Qxc6 Qxc6 32. Nxc6 Kg7 33. Nxb4 a5 34. Nc6 Bc3 35. Kf1 Kf6 36. Ke2 Ke6 37. Kd3 Be1 38. f3 Kd6 39. Nd4 Kd5 40. Nc2 Bf2 41. e4+ Ke5 42. Ne3 Kf4 43. Ng4 Kg3 44. Nxf2 Kxf2 45. b4 1-0

[Event "GRE-chT 35th"]
[Site "Ermioni Argolidas"]
[Date "2006.07.06"]
[Round "4"]
[White "Dimitriadi, Aspasia"]
[Black "Pambalou, Fotini"]
[Result "0-1"]
[WhiteElo "2015"]
[BlackElo "2127"]
[PlyCount "98"]
[EventDate "2006.07.03"]
[EventType "team"]
[EventRounds "9"]
[EventCountry "GRE"]
[SourceTitle "CBM 113 Extra"]
[Source "ChessBase"]
[SourceDate "2006.09.14"]
[SourceVersion "1"]
[SourceVersionDate "2006.09.14"]
[SourceQuality "1"]

1. d4 d5 2. Nf3 Nf6 3. c4 e6 4. cxd5 exd5 5. Nc3 c6 6. Bg5 Be7 7. Qc2 g6 8. e3 Bf5 9. Bd3 Bxd3 10. Qxd3 Nbd7 11. 0-0-0 Ng4 12. Bxe7 Qxe7 13. Qe2 b5 14. Nd2 Ngf6 15. Rhe1 0-0 16. e4 Qb4 17. e5 Rfe8 18. Qf3 Nh5 19. Ne2 Ng7 20. Qb3 Qe7 21. Kb1 a5 22. Rc1 Rec8 23. f4 Qe6 24. Qd3 a4 25. Qf3 h5 26. h3 h4 27. Rg1 Nf5 28. g4 hxg3 29. Nxg3 Nxd4 30. Qd3 c5 31. h4 Kf8 32. h5 Ke7 33. hxg6 fxg6 34. Nh5 gxh5 35. Qh7+ Kd8 36. Rg8+ Kc7 37. Rxc5+ Kb7 38. f5 Qxf5+ 39. Qxf5 Nxf5 40. Rgxc8 Rxc8 41. Rxd5 Kc6 42. Rd3 Nxe5 43. Rc3+ Kd7 44. Rxc8 Kxc8 45. Kc2 h4 46. Ne4 h3 47. Nf2 h2 48. b3 a3 49. b4 Ng3 0-1

[Event "GRE-chT 34th"]
[Site "Ermioni Argolidas"]
[Date "2005.07.11"]
[Round "9"]
[White "Trabert, Bettina"]
[Black "Dimitriadi, Aspasia"]
[Result "1-0"]
[WhiteElo "2291"]
[BlackElo "2015"]
[PlyCount "81"]
[EventDate "2005.07.04"]
[EventType "team"]
[EventRounds "9"]
[EventCountry "GRE"]
[SourceTitle "CBM 107 Extra"]
[Source "ChessBase"]
[SourceDate "2005.09.01"]
[SourceVersion "1"]
[SourceVersionDate "2005.09.01"]
[SourceQuality "1"]

1. e4 c6 2. d4 d5 3. exd5 cxd5 4. c4 Nf6 5. Nc3 Nc6 6. Nf3 Bg4 7. cxd5 Nxd5 8. Qb3 Bxf3 9. gxf3 e6 10. Qxb7 Nxd4 11. Bb5+ Nxb5 12. Qc6+ Ke7 13. Qxb5 Qd7 14. Nxd5+ Qxd5 15. Bg5+ f6 16. Qxd5 exd5 17. Be3 Ke6 18. Ke2 Bb4 19. Rhg1 g6 20. Rac1 Rhc8 21. Kd3 a6 22. Bd4 Kf5 23. h3 Bd6 24. Rge1 Bf4 25. Rc5 Rxc5 26. Bxc5 Be5 27. b4 a5 28. b5 Kf4 29. Ke2 Rb8 30. a4 Rc8 31. Be3+ Kf5 32. Rc1 Rc4 33. Rxc4 dxc4 34. Bb6 c3 35. Bxa5 Kg5 36. Kd3 Kh4 37. Bxc3 Bb8 38. Bxf6+ Kxh3 39. a5 Kg2 40. Ke2 Bf4 41. a6 1-0

[Event "GRE-ch (Women)"]
[Site "Athens"]
[Date "1997.??.??"]
[Round "?"]
[White "Dimitriadi, Aspasia"]
[Black "Kasioura, Froso"]
[Result "1-0"]
[WhiteElo "2015"]
[BlackElo "2005"]
[PlyCount "83"]
[EventDate "1997.??.??"]
[EventType "tourn"]
[EventRounds "11"]
[EventCountry "GRE"]
[SourceTitle "EXT 2003"]
[Source "ChessBase"]
[SourceDate "2002.11.25"]
[SourceVersion "1"]
[SourceVersionDate "2002.11.25"]
[SourceQuality "1"]

1. d4 Nf6 2. c4 b6 3. Nc3 Bb7 4. Qc2 g6 5. e4 Bg7 6. Nf3 0-0 7. Be2 d6 8. 0-0 Nfd7 9. Be3 e5 10. Rad1 Nc6 11. d5 Ne7 12. Qc1 Re8 13. Bd3 Kh8 14. Ng5 Rf8 15. f4 h6 16. Nf3 exf4 17. Bxf4 Kh7 18. Rde1 Ne5 19. Nxe5 dxe5 20. Bg3 Qd7 21. Qc2 a6 22. b4 c6 23. Na4 Nc8 24. Rd1 cxd5 25. cxd5 Qd6 26. Qd2 Ne7 27. Bf2 Nc8 28. Be3 f6 29. a3 Rf7 30. Nb2 Qd7 31. Bb1 b5 32. Nd3 Nd6 33. Nc5 Qg4 34. Nxb7 Rxb7 35. h3 Qd7 36. Bd3 f5 37. Bc5 fxe4 38. Bb1 Nc4 39. Qe2 Nxa3 40. Bxe4 Qe8 41. d6 Rd7 42. Qf3 1-0

[Event "Chania op 5th"]
[Site "Chania"]
[Date "1995.??.??"]
[Round "2"]
[White "Dimitriadi, Aspasia"]
[Black "Zahariev, Zahari"]
[Result "0-1"]
[WhiteElo "2030"]
[BlackElo "2380"]
[PlyCount "26"]
[EventDate "1995.08.??"]
[EventType "swiss"]
[EventRounds "9"]
[EventCountry "GRE"]
[SourceTitle "EXT 1997"]
[Source "ChessBase"]
[SourceDate "1996.11.15"]
[SourceVersion "1"]
[SourceVersionDate "1996.11.15"]
[SourceQuality "1"]

1. d4 d6 2. c4 e5 3. Nc3 exd4 4. Qxd4 Nc6 5. Qd1 g6 6. g3 Bg7 7. Bg2 Nge7 8. e3 0-0 9. Nge2 Be6 10. Nd5 Ne5 11. Nxe7+ Qxe7 12. Bxb7 c6 13. Bxa8 Nf3+ 0-1

[Event "Athens Akropolis (Women)"]
[Site "Athens"]
[Date "1989.??.??"]
[Round "?"]
[White "Botsari, Anna Maria"]
[Black "Dimitriadi, Aspasia"]
[Result "1-0"]
[WhiteElo "2160"]
[BlackElo "1825"]
[PlyCount "57"]
[EventDate "1989.??.??"]
[EventType "swiss"]
[EventRounds "9"]
[EventCountry "GRE"]
[SourceTitle "EXT 1997"]
[Source "ChessBase"]
[SourceDate "1996.11.15"]
[SourceVersion "1"]
[SourceVersionDate "1996.11.15"]
[SourceQuality "1"]

1. d4 d5 2. c4 dxc4 3. Nf3 Nf6 4. e3 e6 5. Bxc4 c5 6. 0-0 a6 7. a4 Nc6 8. Qe2 Qc7 9. Nc3 Bd6 10. dxc5 Bxc5 11. e4 Ng4 12. g3 Nge5 13. Nxe5 Nxe5 14. Ba2 Bd7 15. Bf4 Be7 16. Rac1 Qa5 17. Rfd1 Rd8 18. Qh5 Bf6 19. Nd5 exd5 20. Rxd5 g6 21. Rxa5 gxh5 22. Bxe5 Ke7 23. Bxf6+ Kxf6 24. Rxh5 Kg6 25. Rhc5 Bxa4 26. Rc7 Rd7 27. Rxd7 Bxd7 28. Rc7 Rd8 29. Bd5 1-0

[Event "Val Maubuee op"]
[Site "Val Maubuee"]
[Date "1989.??.??"]
[Round "?"]
[White "De Sousa, Jose Claude"]
[Black "Dimitriadi, Aspasia"]
[Result "1/2-1/2"]
[WhiteElo "1730"]
[BlackElo "1680"]
[PlyCount "58"]
[EventDate "1989.04.??"]
[EventType "swiss"]
[EventRounds "9"]
[EventCountry "FRA"]
[SourceTitle "TD"]
[Source "ChessBase"]
[SourceDate "1994.03.01"]
[SourceVersion "1"]
[SourceVersionDate "1994.03.01"]
[SourceQuality "1"]

1. e4 c6 2. d4 d5 3. Nd2 dxe4 4. Nxe4 Bf5 5. Ng3 Bg6 6. h4 h6 7. h5 Bh7 8. Nf3 Nd7 9. Bd3 Bxd3 10. Qxd3 Ngf6 11. Be3 e6 12. 0-0-0 Qc7 13. Ne2 0-0-0 14. Bf4 Bd6 15. g3 Ng4 16. Bxd6 Qxd6 17. Rhf1 Qd5 18. Qa3 Kb8 19. Nf4 Qb5 20. Qd3 Qb6 21. Qe2 Qa5 22. Kb1 e5 23. dxe5 Ngxe5 24. Nxe5 Nxe5 25. Rfe1 Kc8 26. a3 Nd7 27. Qe7 Qf5 28. Qe3 Nb6 29. Qc3 Qg5 1/2-1/2

[Event "Olympiad Women-28"]
[Site "Thessaloniki"]
[Date "1988.11.25"]
[Round "11"]
[White "Dimitriadi, Aspasia"]
[Black "Tamin, Upi Darmayana"]
[Result "0-1"]
[WhiteElo "1825"]
[BlackElo "2105"]
[PlyCount "62"]
[EventDate "1988.11.13"]
[EventType "team-swiss"]
[EventRounds "14"]
[EventCountry "GRE"]
[SourceTitle "EXT 2019"]
[Source "ChessBase"]
[SourceDate "2018.10.10"]
[SourceVersion "1"]
[SourceVersionDate "2018.10.10"]
[SourceQuality "1"]
[WhiteTeam "Greece (W) II"]
[BlackTeam "Indonesia (W)"]
[WhiteTeamCountry "GRE"]
[BlackTeamCountry "INA"]

1. d4 g6 2. c4 Bg7 3. Nc3 Nf6 4. e4 d6 5. Be2 0-0 6. Bg5 h6 7. Be3 Nbd7 8. h3 c5 9. d5 a6 10. a4 Qa5 11. Qd2 Kh7 12. Nf3 Qc7 13. Rd1 b6 14. 0-0 Bb7 15. Bf4 Rad8 16. Bh2 Ne5 17. Nxe5 dxe5 18. f4 Ne8 19. fxe5 Bxe5 20. Bxe5 Qxe5 21. Qf4 Qxf4 22. Rxf4 Nd6 23. Bd3 f6 24. a5 bxa5 25. Ra1 Nf7 26. Rxa5 Ne5 27. Be2 Rb8 28. Rf1 Bc8 29. Rxc5 Rxb2 30. Rf2 Bd7 31. Bd1 Rxf2 0-1

[Event "Olympiad Women-28"]
[Site "Thessaloniki"]
[Date "1988.11.22"]
[Round "9"]
[White "Milligan, Helen"]
[Black "Dimitriadi, Aspasia"]
[Result "1-0"]
[WhiteElo "2020"]
[BlackElo "1825"]
[PlyCount "51"]
[EventDate "1988.11.13"]
[EventType "team-swiss"]
[EventRounds "14"]
[EventCountry "GRE"]
[SourceTitle "EXT 2019"]
[Source "ChessBase"]
[SourceDate "2018.10.10"]
[SourceVersion "1"]
[SourceVersionDate "2018.10.10"]
[SourceQuality "1"]
[WhiteTeam "Scotland (W)"]
[BlackTeam "Greece (W) II"]
[WhiteTeamCountry "SCO"]
[BlackTeamCountry "GRE"]

1. e4 c6 2. d4 d5 3. Nc3 dxe4 4. Nxe4 Nd7 5. Ng5 Nb6 6. Bd3 g6 7. N1f3 Bg7 8. c3 Nh6 9. 0-0 0-0 10. Re1 Nf5 11. b3 c5 12. Ba3 Nd5 13. Bxc5 Nxc3 14. Qc2 Nxd4 15. Nxd4 Bxd4 16. Bxe7 Qb6 17. Bxf8 Kxf8 18. Rac1 h6 19. Ne4 Nd5 20. Qd2 Kg7 21. Bc4 Nf6 22. Rcd1 Be5 23. Nd6 Ng4 24. Nxf7 Bxh2+ 25. Kf1 Nf6 26. Qxh6+ 1-0

[Event "Olympiad Women-28"]
[Site "Thessaloniki"]
[Date "1988.11.13"]
[Round "1"]
[White "Markovic, Gordana"]
[Black "Dimitriadi, Aspasia"]
[Result "1-0"]
[WhiteElo "2270"]
[BlackElo "1825"]
[PlyCount "43"]
[EventDate "1988.11.13"]
[EventType "team-swiss"]
[EventRounds "14"]
[EventCountry "GRE"]
[SourceTitle "EXT 2019"]
[Source "ChessBase"]
[SourceDate "2018.10.10"]
[SourceVersion "1"]
[SourceVersionDate "2018.10.10"]
[SourceQuality "1"]
[WhiteTeam "Yugoslavia (W)"]
[BlackTeam "Greece (W) II"]
[WhiteTeamCountry "YUG"]
[BlackTeamCountry "GRE"]

1. e4 c6 2. d4 d5 3. Nd2 dxe4 4. Nxe4 Nd7 5. Ng5 Ngf6 6. Bd3 e6 7. Qe2 Bd6 8. N1f3 h6 9. Ne4 Nxe4 10. Qxe4 c5 11. 0-0 a6 12. c3 Nf6 13. Qe2 cxd4 14. cxd4 Qa5 15. Ne5 Qd5 16. Rd1 b6 17. Bc2 Bb7 18. f3 Bc7 19. Bf4 Rc8 20. Bb3 Qd8 21. Nxf7 Kxf7 22. Qxe6+ 1-0

[Event "Athens (Women)"]
[Site "Athens"]
[Date "1988.??.??"]
[Round "?"]
[White "Dimitriadi, Aspasia"]
[Black "Kondou, Eva"]
[Result "0-1"]
[WhiteElo "1825"]
[BlackElo "2205"]
[PlyCount "36"]
[EventDate "1988.??.??"]
[EventType "tourn"]
[EventRounds "9"]
[EventCountry "GRE"]
[SourceTitle "EXT 2001"]
[Source "ChessBase"]
[SourceDate "2000.11.22"]
[SourceVersion "1"]
[SourceVersionDate "2000.11.22"]
[SourceQuality "1"]

1. d4 Nf6 2. c4 c5 3. d5 e6 4. Nc3 exd5 5. cxd5 d6 6. Nf3 g6 7. Bf4 Bg7 8. Qa4+ Bd7 9. Qb3 b5 10. Bxd6 Qb6 11. Be5 0-0 12. e3 c4 13. Qd1 Na6 14. a3 Nc5 15. Qd4 Bf5 16. Nd2 Rfe8 17. Be2 Rxe5 18. Qxe5 Nh5 0-1